Miasta Ameryki Południowej- Quiz na Mapie - Statystyki

Ogólne statystyki
  • Ten quiz został rozwiązany 29 razy
    25 od ostatniego zresetowania
  • Średni wynik to 12 z 22
Odpowiedzi na mapie
Odpowiedzi zakodowano w zielono-czerwonej skali na mapie do tego quizu, zgodnie z poniższymi procentami.
 
Statystyki odpowiedzi
Odpowiedź % Poprawnych
Rio de Janeiro
87%
Asuncion
80%
Brasilia
73%
Buenos Aires
73%
São Paulo
73%
Bogota
67%
Montevideo
67%
Quito
67%
Caracas
60%
Fortaleza
60%
Lima
60%
Manaus
60%
Kajenna
53%
Medellin
53%
Paramaribo
53%
Santiago
53%
Georgetown
47%
La Paz
47%
Maracaibo
47%
Guayaquil
20%
Santa Cruz
20%
Sucre
20%
Nie znaleziono quizów pasujących do podanych kryteriów
Rozkład punktacji
Procent ludzi z każdym wynikiem
Percentyl według liczby udzielonych odpowiedzi
Twoja historia wyników
Nie rozwiązałeś tego quizu od ostatniego zresetowania